000 00637nam a2200193 i 4500
001 36900
003 ES-MaACL
005 20250803064128.0
007 t|
008 030219s1963 sp f |||| |bspa d
100 1 _aBrown, Rica.
_932022
245 1 0 _aBécquer, Gustavo Adolfo
_b: Bécquer en dos tiempos /
_cRica Brown ; prólogo de Vicente Aleixandre.
260 _aBarcelona :
_bAedos,
_c[1963]
300 _aXVI, 414 p., 10 lám. ;
_c22 cm.
600 1 7 _aBécquer, Gustavo Adolfo,
_d1836-1870
_2embne
_926974
700 1 _aAleixandre, Vicente,
_d1898-1984
_919688
852 _aES-MaACL
_jC-24811
999 _c36900
_d36900